| 000 | 01495nam a2200361 i 4500 | ||
|---|---|---|---|
| 001 | 000041333 | ||
| 003 | DO-SdBNP | ||
| 005 | 20240731082000.0 | ||
| 006 | a||||gr|||| 00| 0 | ||
| 007 | ta | ||
| 008 | 130930e1992 sp ad d 000 0 spa d | ||
| 020 | _a840007274X | ||
| 040 |
_aDO-SdBNP _bspa _cBNPHU _erda |
||
| 082 | 4 |
_222 _bR788d |
|
| 100 | 1 |
_aRosal, Francisco del _967975 _d1513-1613 _eautor |
|
| 245 | 1 | 0 |
_aDiccionario Etimológico / _cFrancisco del Rosal; edición facsimilar y estudio, Enríque Gómez Aguado. |
| 250 | _afacsimilar. | ||
| 264 |
_aMadrid, España : _bConsejo Superior de Invesigaciones Científicas, _c1992 |
||
| 300 |
_a621 páginas ; _bilustraciones, facsímil, gráficas ; _c25 cm. |
||
| 336 |
_2rdacontent _atexto _btxt |
||
| 337 |
_2rdamedia _asin mediación _bn |
||
| 338 |
_2rdacarrier _avolumen _bnc |
||
| 490 |
_aBiblioteca de Filología Hispánica ; _v10 |
||
| 500 | _aAlfabeto primero de Origen y Etimología de todos los vocablos originales de la Lengua Castellana. | ||
| 501 | _aIncluye bibliografía y notas al pie de páginas. | ||
| 590 | _aInventariado 2024 / MF | ||
| 600 | 1 | 4 |
_aGómez Aguado, Enríque _986173 |
| 650 | 4 |
_aDiccionarios Etimológico _986130 |
|
| 650 | 0 |
_aEnciclopedias y diccionarios _92045 |
|
| 700 | 1 |
_aGómez Aguado, Enríque, _986173 _efacsimilar |
|
| 942 |
_2ddc _cLBS1 |
||
| 999 |
_c40823 _d40823 |
||